Carbon black rubber interactions and bound rubber (1964 reviews) (Record no. 55120)
[ view plain ]
| 000 -LEADER | |
|---|---|
| fixed length control field | 00429nam a2200157Ia 4500 |
| 100 ## - MAIN ENTRY--AUTHOR NAME | |
| Personal name | Stickney P B |
| 245 #0 - TITLE STATEMENT | |
| Title | Carbon black rubber interactions and bound rubber (1964 reviews) |
| 260 ## - PUBLICATION, DISTRIBUTION, ETC. (IMPRINT) | |
| Name of publisher | Rubber Chemistry and Technology |
| Year of publication | 1964 |
| 300 ## - PHYSICAL DESCRIPTION | |
| Number of Pages | 1299-1340 |
| 650 ## - SUBJECT ADDED ENTRY--TOPICAL TERM | |
| Topical Term | 1964 reviews |
| 650 ## - SUBJECT ADDED ENTRY--TOPICAL TERM | |
| Topical Term | Bound rubber |
| 650 ## - SUBJECT ADDED ENTRY--TOPICAL TERM | |
| Topical Term | Carbon black |
| 700 ## - ADDED ENTRY--PERSONAL NAME | |
| Personal name | Falb R D |
| 942 ## - ADDED ENTRY ELEMENTS (KOHA) | |
| Koha item type | Journals |
| Withdrawn status | Lost status | Damaged status | Not for loan | Home library | Current library | Shelving location | Date acquired | Serial Enumeration / chronology | Koha item type |
|---|---|---|---|---|---|---|---|---|---|
| Journals | RRII Library | RRII Library | Rubber chemistry | 17/12/2021 | Volume 36, Issue 5 | Journals |